00535nam a2200193 a 4500001001300000003000900013005001700022008004100039020002300080082001600103100001900119245006700138260003100205300000900236500003500245505001000280650003200290700001900322nice12345678IN_TiNIC20260116014055.0050524s2001 lona grp 000 0 eng  a1843318 c45000a340.59bTHO aThorner, Alice aLand, Labour and Rightsb Ten Daniel Thorner Memorial Lectures aLondonbAnthem Pressc2001 a279p aincludes index and biblioraphy2 aIndex aLabour Laws and Legislation1 aThorner, Alice